000 01264aaa a2200301 a 4500
999 _c323197
_d323197
003 BLK
005 20240510180135.0
008 180809b bul||||| |||| 00| 0 bul d
040 _aBLK
041 _aBUL
_cBUL
072 _9178279
_aН84
_xБългарска художествена литература Н
080 _aБългарска литература
_b821.163.2
_z821.163.2-845
100 _aХристов, Валентин
_91304
_eразказани от
139 _aХристов, Валентин
_bХ 78
245 _a[Две хиляди двеста двадесет и един] 2221 и половина вица
_cРазказани от Валентин Христов ; ил. Валентин Георгиев
257 _aBGR
260 _bИзд. център при РУ "Ангел Кънчев"
_c2017
_aРусе
300 _a550 с.
_c22 см
380 _aX
650 0 _9340478
_aХумор, български
653 7 _9183364
_aвицове
653 7 _9180987
_aанекдоти
659 7 _9178160
_aН
_xНови книги
700 _9599
_aГеоргиев, Валентин
_eил.
852 _bП
_cП 886.7-8/Х 78
942 _cKNG
_2udc
_n0
_011
944 _k30564
_lГалина Якимова